000 00895nam a2200253 a 4500
001 000024292
005 20200930022901.0
008 110125s1984 sp r 000 0 spa d
020 _a8427604009
040 _aDO-SdBNP
_bspa
_cBNPHU
082 _a808.81
_bG643p, 1984
100 1 _aGonzález Pérez, Aníbal,
_d1956-
_949856
245 1 0 _aPoéticas /
_cAníbal González Pérez.
250 _a2a ed.
260 _aMadrid, (España) :
_bEditora Nacional,
_c1984.
300 _a189, [14] p. ;
_c19 cm.
490 1 _aBiblioteca de la literatura y el pensamiento universales
_v37
600 1 4 _aARISTÓTELES,
_d384-322 A.C.
_949857
600 1 4 _aFLACO, HORACIO,
_d65 A.C.
_949858
600 1 4 _aBOILEAU, NICOLAS,
_d1636-1711
_949859
650 4 _aObra poética
_xCrítica e interpretación
_949860
830 0 _aBiblioteca de la literatura y el pensamiento universales ;
_v37
_912938
049 _aBNGR
999 _c23785
_d23785